Riconosci il Pokémon - Quiz n°364 - Statistics

Statistiche generali
  • Questo quiz è stato fatto 4 volte
  • Il punteggio medio è 7 su 10
Statistiche sulle risposte
Indizio Risposta % Corretto
Abilità Carica Quark
100%
Generazione Nona
100%
Stadio evoluzione Non si evolve
100%
Tipo Terra / Acciaio
100%
Altezza 0,9 m
67%
Peso 240,0 kg
67%
Tasso di cattura 30 (8.8%)
67%
Sesso Sconosciuto
67%
Tasso di allevamento Lento
33%
Pokémon Solcoferreo
33%
Nessun quiz corrispondente trovato
Distribuzione punteggi
Percentuale di utenti per punteggio
Percentile per numero di risposta
I tuoi punteggi nel tempo
Non hai fatto questo quiz